1065 1926 1020 1383 1223 1825 1775 1416 1492 1055 1805 1305 1243 1666 1630 1100 1300 1958 1789 1336 1862 1538 1796 1605 1335 1928 1240 1050 1139 1670 1980 1466 1796 1600 1765 1598 1096 1262 1089 1180 1529 1565 1341 1252 1331 1250 1693 1590 1139 1074 1125 1531 1807 1114 1661 1322 1402 1959 1502 1223 1132 1144 1190 1314 1924 1234 1059 1270 1559 1763 1680 1410 1972 1826 1579 1307 1523 1537 1185 1042 1239 1157 1042 1165 1813 1821 1013 1575 1599 1459 1449 1890 1218 1685 1277 1513 1005 1815 1098 BCNSPRNW ULIB Ver.6.0+V

เปลี่ยนเป็นภาษาไทย

Change to English
 แสดงรายละเอียดบรรณานุกรม
  กลับหน้าหลัก

Brief Record : Get Marc (ISO 2709) : E-mail record : QR code < ปิดหน้าต่าง
LEADER : 00000nam 2200000uu 4500
001    13399113081
003     ULIB
008    110627s2549||||th 000 0 tha d
020    9789749479416
090    นว.^bม627ง 2549
100 0  มุตตา
245 00 เงาจันทรา/^cมุตตา
250    พิมพ์ครั้งที่ 1
260    กรุงเทพฯ :^bบลูเบลล์,^c2549
300    378 หน้า
710 1  บลูเบลล์
945    ^p245^l0^i019590
995    ทศพร
999 ^a ใช้งานได้ทุกระบบ
รายการนี้ยังไม่มีแท็ก
คุณยังไม่ได้ล็อกอิน คุณสามารถมีกิจกรรมร่วมกับเว็บไซต์ได้ แต่ต้องล็อกอินก่อน ::
  ล็อกอิน

รายการสื่อสารสนเทศ

ลำดับที่ ประเภท เลขเรียก/บาร์โค้ด สถานที่ สถานะ
- ไม่พบข้อมูล -

รายการใกล้เคียง
    ผู้แต่ง [มุตตา]

BibComment


ยังไม่เคยถูกคอมเมนท์

คอมเมนท์ทรัพยากรรายการนี้
  คอมเมนท์: เงาจันทรา มุตตา


 Copyright 2026. Bcnsprnw @Library